Statistics for Most Common Words in Jerry928's Thousand Quizzes

Click here to take the quiz!

General Stats

  • This quiz has been taken 61 times
  • The average score is 18 of 50

Answer Stats

#WORD% Correct
59A
96%
116The
94%
374Countries
78%
21Country
78%
40One
73%
17#2
71%
27Two
71%
87in
65%
209to
65%
132Most
57%
24Four
53%
93of
53%
43and
49%
29Capital
49%
16State
49%
20Quiz
47%
28Word
47%
41Z
45%
57Cities
43%
117World
43%
140with
41%
33That
37%
163Closest
35%
65US
35%
13920
33%
49States
33%
42by
31%
95Capitals
31%
51Minute
31%
104Words
31%
57Sprint
29%
148Top
24%
22Letter
18%
24New
18%
41From
16%
26Names
14%
17Who
14%
19English
10%
66Famous
10%
18Have
10%
30Their
10%
56Vocabulary
10%
19Zealand
10%
16Longest
8%
21Cricket
6%
28Starting
4%
20These
4%
18Degree
2%
19Highest
2%
31Producing
2%

Score Distribution

Percentile by Number Answered

Percent of People with Each Score

Your Score History

You have not taken this quiz